000 00337 a2200169 4500
001 182687
020 _a
040 _cMagnum
100 _aBarreto, Lima
240 1 0 _aClara dos Anjos
_lpor
245 1 0 _aClara dos Anjos
300 _a128
362 0 _a1983
440 1 _aBrasiliense
697 _aLITERATURA GERAL
942 _cBK
999 _c182687
_d182687